Govt. of
Madhya Pradesh

Indira Gandhi (Record no. 35823)

MARC details
000 -LEADER
fixed length control field 004180000a22001690004500
003 - CONTROL NUMBER IDENTIFIER
control field MACL
005 - DATE AND TIME OF LATEST TRANSACTION
control field 20160112140812.0
008 - FIXED-LENGTH DATA ELEMENTS--GENERAL INFORMATION
fixed length control field 160112b xxu||||| |||| 00| 0 eng d
040 ## - CATALOGING SOURCE
Original cataloging agency MACL
Transcribing agency MACL
041 ## - LANGUAGE CODE
Language code of text/sound track or separate title English
082 ## - DEWEY DECIMAL CLASSIFICATION NUMBER
Classification number 923.2/VAS
100 ## - MAIN ENTRY--PERSONAL NAME
Personal name Vasudev, Uma
9 (RLIN) 15371
245 ## - TITLE STATEMENT
Title Indira Gandhi
260 ## - PUBLICATION, DISTRIBUTION, ETC. (IMPRINT)
Name of publisher, distributor, etc. Vikash Publishing House
Date of publication, distribution, etc. 1974
Place of publication, distribution, etc. Delhi
650 ## - SUBJECT ADDED ENTRY--TOPICAL TERM
Topical term or geographic name as entry element Biography
9 (RLIN) 31361
942 ## - ADDED ENTRY ELEMENTS (KOHA)
Koha item type Books
Call number prefix 923.2/Vas
Source of classification or shelving scheme
Holdings
Withdrawn status Lost status Source of classification or shelving scheme Damaged status Not for loan Home library Current library Date acquired Cost, normal purchase price Total Checkouts Full call number Barcode Date last seen Uniform Resource Identifier Price effective from Koha item type
          MACL MACL 15/04/2015 75.00   923.2/Vas CLE015915 29/04/2015 36031 15/04/2015 Books